000 00685 a2200217 4500
003 Nust
005 20230321120859.0
010 _a 2009035734
020 _a9780273723950 (pbk.)
040 _cNust
082 0 0 _a657.2,CRO
100 1 _aCropper, Cuthbert
_9110824
245 1 0 _aBook-keeping and accounts :
_ca textbook for students /
_bCuthert Cropper
250 _a18th ed.
260 _aNew York :
_bMacdonald and evans
_c1945.
300 _a946p
505 0 _aElementary (Page-1), Elementary Practical Book Keeping (Page-21), Practical Accounting (Page-206), Examinations (Page-600).
650 0 _aAccounting.
_914627
650 0 _aBookkeeping.
_9110825
942 _2ddc
_cBK
999 _c185931
_d185931